Central Library OPAC University of Rajshahi

BIOLOGICAL ACTIVITIES OF CLERODENDRUM VISCOSUM VENT. (VERBENACEAE) / (Record no. 80549)

MARC details
000 -LEADER
fixed length control field 01017nam a2200253 a 4500
001 - CONTROL NUMBER
RUCL Control Number 80549
003 - CONTROL NUMBER IDENTIFIER
rucl marc code BD-RjUL
005 - DATE AND TIME OF LATEST TRANSACTION
control field 20230710141349.0
008 - FIXED-LENGTH DATA ELEMENTS--GENERAL INFORMATION
fixed length control field 221017s2012 bg a|||| m||| 00| 0 eng d
035 ## - SYSTEM CONTROL NUMBER
system control number (BD-RjUL)80549
040 ## - CATALOGING SOURCE
Original cataloging agency BD-RjUL
Language of cataloging eng
Transcribing agency BD-RjUL
Modifying agency BD-RjUL
041 ## - LANGUAGE CODE
Language code of Book eng
082 ## - DEWEY DECIMAL CLASSIFICATION NUMBER
DDC Edition number 23
Classification number 660.6
Author mark and Year TAB 2012
100 ## - MAIN ENTRY--PERSONAL NAME
Personal name Talukdar, Muhammad Waliullah
9 (RLIN) 5295
245 10 - TITLE STATEMENT
Title BIOLOGICAL ACTIVITIES OF CLERODENDRUM VISCOSUM VENT. (VERBENACEAE) /
Statement of responsibility, etc By Muhammad Waliullah Talukdar ;
Name of Supervisor/Co-Supervisor Supervisions : Md. Wahedul Islam & Parvez Hassan.
260 ## - PUBLICATION, DISTRIBUTION, ETC. (IMPRINT)
Place of publication, distribution, etc Rajshahi :
Name of publisher, distributor, etc Institute of Biological Sciences, University of Rajshahi
Date of publication, distribution, etc 2012
300 ## - PHYSICAL DESCRIPTION
Pagination [4], v, [15], 190 leaves :
Other physical details ill.;
Dimensions 29 cm.
502 ## - DISSERTATION NOTE
Dissertation note Thesis(Ph.D.)-- Institute of Biological Sciences,University of Rajshahi,2012
504 ## - BIBLIOGRAPHY, ETC. NOTE
Bibliography, etc References : Leaves 169-190
650 ## - SUBJECT ADDED ENTRY--TOPICAL TERM
Topical term or geographic name as entry element Biological Systems
General subdivision Chemical technologies
9 (RLIN) 5296
700 ## - ADDED ENTRY--SUPERVISOR/CO-SUPERVISOR NAME
Personal name Islam, Md. Wahedul, Supervisions
9 (RLIN) 5297
Personal name Hassan, Parvez, Supervisions
9 (RLIN) 5298
942 ## - ADDED ENTRY ELEMENTS (KOHA)
Source of classification or shelving scheme Dewey Decimal Classification
Koha item type Theses
Holdings
Source of classification or shelving scheme Damaged status Not for loan Collection code Permanent Location Current Location Shelving location Date of accession Source of acquisition Total Checkouts Full call number Barcode Date last seen Copy number Thesis
Dewey Decimal Classification   Not For Loan Theses Central Library, University of Rajshahi Central Library, University of Rajshahi Documentation Section 09/10/2013 Controller of Exam. R.U.   THE 660.6 TAB 2012 D3479 17/10/2022 C-1 Theses